000 00702cam a2200229 i 4500
999 _c4276
_d4276
001 3211749
003 GBCCL
005 20241126110515.0
008 790329s1979 ilu 000 0 eng
010 _a 78064506
020 _a0882077805 :
_c$2.25
040 _aDLC
_cDLC
_dDLC
050 0 0 _aBS1315.3
_b.H47
082 0 0 _a222.35077
_bHES
100 1 _aHess, Margaret Johnston.
_98091
245 1 0 _aLove knows no barriers :
_ban inspirational study of the Book of Ruth /
_cMargaret Hess.
260 _aWheaton, Ill. :
_bVictor Books,
_cc1979.
300 _a143 p. ;
_c18 cm.
630 0 0 _aBible.
_pRuth
_xCommentaries.
_94628
906 _a7
_bcbc
_corignew
_d2
_eopcn
_f19
_gy-gencatlg
942 _2ddc
_cBK
_01